| 000 | 00604nam a2200205Ia 4500 | ||
|---|---|---|---|
| 008 | 160319s9999 xx 000 0 und d | ||
| 245 | _aLearning to read with phonics : | ||
| 245 | _blong and short vowels / | ||
| 245 | _cBarabara Phipps ; Jane Hall ; Tom Kroutil - | ||
| 260 | _aNew York : | ||
| 260 | _bGoodtimes Home Video, | ||
| 260 | _c1991 | ||
| 300 | _a1 videodisc (approximately 53 min.) : | ||
| 300 | _bsound, colored ; | ||
| 300 | _c4 3/4 in. | ||
| 650 | _aReading -- | ||
| 650 | _aReading -- Phonetic method -- | ||
| 650 | _xJuvenile films. | ||
| 650 | _xPhonetic method. | ||
| 999 |
_c292441 _d292441 |
||